000 00785nam a2200229Ia 4500
003 GCL
008 140319s9999 xx 000 0 ara d
040 _aGCL /
_cGCL
082 0 4 _a791.43
_bس ص
100 1 _aسيد سعيد
245 1 0 _aصفحات من كتاب انسى ابو سيف واحد من البنائين /
_cسيد سعيد
250 _aالاولى
260 _aالقاهرة :
_bمطبوعات صندوق التنمية الثقافية ،
_c2004
300 _a262ص ؛
_c21سم
650 0 4 _aالسينما
650 0 4 _aالاخراج السينمائى
650 0 4 _aالسينما المصرية - تاريخ
650 0 4 _aالسينما - افلام
650 0 4 _aالسينما - تاريخ
650 0 4 _aانسى ابو سيف
942 _2ddc
_cBK
999 _c7817
_d7817